Statistics for Queen music videos

Click here to take the quiz!

General Stats

  • This quiz has been taken 618 times
  • The average score is 29 of 61

Answer Stats

HintAnswer% Correct
1975Bohemian rhapsody
90%
1977We will rock you
84%
1979We will rock you (fast live)
84%
1977We are the champions
83%
1974Killer Queen
81%
1984I want to break free
77%
1984Radio Ga Ga
74%
1980Another one bites the dust
69%
1998Another one bites the dust (Small soldiers remix)
69%
1976Somebody to love
69%
1992Somebody to love (live ft. George Michael)
69%
1981Under pressure
67%
1999Under pressure (Rah mix)
67%
1979Don't stop me now
65%
1979Crazy little thing called love
63%
1978Fat bottomed girls
62%
1986A kind of magic
61%
1991Innuendo
60%
1991The show must go on
60%
1997The show must go on (live ft. Elton John)
60%
1978Bicycle race
58%
1980Flash
53%
1989I want it all
53%
1986Who wants to live forever
53%
1976You're my best friend
52%
1989Breakthru
50%
1984Hammer to fall
50%
1973Keep yourself alive
49%
1985One vision
49%
1985One vision (extended version)
49%
1991I'm going slightly mad
48%
1989The miracle
46%
1980Play the game
43%
1980Save me
43%
1991These are the days of our lives
43%
1984It's a hard life
42%
1974Now I'm here
41%
1986Friends will be friends
40%
1989The invisible man
40%
1977Good old-fashioned lover boy
37%
1991Headlong
37%
1974Liar
36%
1986Princes of the Universe
35%
1978Spread your wings
35%
1979Love of my life (live)
34%
1989Scandal
33%
1977Tie your mother down
32%
1982Body language
29%
1996Too much love will kill you
28%
1982Back chat
26%
1995Heaven for everyone
26%
1997No-one but you (Only the Good die young)
26%
1996I was born to love you
22%
1996Mother love
22%
1995A winter's tale
21%
1982Las Palabras de Amor (The Words of love)
19%
1996You don't fool me
19%
1982Calling all girls
18%
1996Let me live
16%
1982Staying power (live)
11%
1996My life has been saved
4%

Score Distribution

Percentile by Number Answered

Percent of People with Each Score

Your Score History

You have not taken this quiz